[Event "Mecklenburg VP LL2 0506"]
[Site "Mecklenburg VP"]
[Date "2005.12.11"]
[Round "4.3"]
[White "Kopka, Heinz"]
[Black "Montag, Ralf"]
[Result "0-1"]
[WhiteElo "1624"]
[BlackElo "1992"]
[PlyCount "36"]
[EventDate "2005.10.23"]
[EventType "team"]
[EventRounds "9"]
[EventCountry "GER"]
[SourceTitle "EXT 2009"]
[Source "ChessBase"]
[SourceDate "2008.11.26"]
[SourceVersion "1"]
[SourceVersionDate "2008.11.26"]
[SourceQuality "1"]
[WhiteTeam "Schwerin III"]
[BlackTeam "Schwerin SV Einheit"]
[WhiteTeamCountry "GER"]
[BlackTeamCountry "GER"]

1. e4 c5 2. Nf3 Nc6 3. d4 cxd4 4. Nxd4 g6 5. Be3 Bg7 6. c3 Nf6 7. Bd3 0-0 8. 0-0 d5 9. exd5 Nxd5 10. Nxc6 bxc6 11. Bc4 e5 12. Bc5 Re8 13. Nd2 a5 14. Ne4 Ba6 15. Qe2 Nf4 16. Bxf7+ Kxf7 17. Qf3 Be2 18. Nd6+ Qxd6 0-1